000 00595nam a2200193 4500
001 135887
003 ES-MaACL
005 20231230063000.0
007 t|
008 070214s1931 sp r ||||1| spa d
100 1 _aRuiz Contreras, Luis,
_d1863-1953
_9100711
245 1 3 _aLa tierra natal /
_cLuis Ruiz Contreras . Femenina inquietud / por Luciano Salvador.
260 _aMadrid :
_bSaez Hermanos,
_c1931.
300 _a120 p. ;
_c19 x 12 cm.
700 1 _aSalvador, Luciano.
_9102075
740 0 _aFemenina inquietud.
852 _aES-MaACL
_jF-13946
999 _c135887
_d135887